| 000 | 01472cam a2200433 a 4500 | ||
|---|---|---|---|
| 999 |
_c28509 _d28480 |
||
| 001 | 16658735 | ||
| 003 | EG-ScBUE | ||
| 005 | 20200719001645.0 | ||
| 008 | 110218r20101983nyu f 000 1 eng d | ||
| 020 | _a9780143116455 (pbk.) | ||
| 040 |
_aDLC _beng _erda _cDLC _dDLC _dEG-ScBUE |
||
| 043 | _au-nz--- | ||
| 082 | 0 | 4 |
_a823.914 _bHUL _222 |
| 100 | 1 |
_aHulme, Keri, _eauthor. |
|
| 245 | 1 | 4 |
_aThe bone people / _cKeri Hulme. |
| 246 | 3 | 4 |
_aBone people : _ba novel |
| 250 | _aReprinted edition. | ||
| 264 | 1 |
_aNew York : _bpenguin Group, _c2010. |
|
| 300 |
_axiv, 553 pages ; _c20 cm. |
||
| 336 |
_2rdacontent _atext _btxt |
||
| 337 |
_2rdamedia _aunmediated _bn |
||
| 338 |
_2rdacarrier _avolume _bnc |
||
| 490 | 0 | _aPenguin books | |
| 650 | 7 |
_aMaori (New Zealand people) _vFiction. _2BUEsh |
|
| 650 | 7 |
_aCommitment (Psychology) _vFiction. _2BUEsh _925446 |
|
| 650 | 7 |
_aRacially mixed people _vFiction. _2BUEsh _913972 |
|
| 650 | 7 |
_aSocial isolation _vFiction. _2BUEsh |
|
| 650 | 7 |
_aWomen painters _vFiction. _2BUEsh |
|
| 650 | 7 |
_aMute persons _vFiction. _2BUEsh |
|
| 650 | 7 |
_aShipwrecks _vFiction. _2BUEsh _924890 |
|
| 650 | 7 |
_aWidowers _vFiction. _2BUEsh _924980 |
|
| 651 | 7 |
_aNew Zealand _vFiction. _2BUEsh |
|
| 653 |
_bHHUUEENN _cJuly2020 |
||
| 655 | 0 |
_aPsychological fiction. _vReading book |
|
| 655 | 7 |
_aLove stories. _2gsafd _vReading book |
|
| 906 |
_a7 _bcbc _corignew _d2 _encip _f20 _gy-gencatlg |
||
| 942 |
_2ddc _cBB |
||